书目信息 |
| 题名: |
大学物理解题思路、方法与技巧
|
|
| 作者: | 王建邦 主编 | |
| 分册: | ||
| 出版信息: | 北京 机械工业出版社 2017.01 |
|
| 页数: | 195页 | |
| 开本: | 23cm | |
| 丛书名: | ||
| 单 册: | ||
| 中图分类: | O4-44 | |
| 科图分类: | ||
| 主题词: | 物理学--wu li xue--高等教育--题解 | |
| 电子资源: | ||
| ISBN: | 978-7-111-55650-3 | |
| 000 | 00952nam0 2200265 450 | |
| 001 | 0106081729 | |
| 005 | 20201109081529.58 | |
| 010 | @a978-7-111-55650-3@dCNY24.00 | |
| 100 | @a20181129e20202017em y0chiy50 ea | |
| 101 | 0 | @achi |
| 102 | @aCN@b110000 | |
| 105 | @ay zq 000yy | |
| 106 | @ar | |
| 200 | 1 | @a大学物理解题思路、方法与技巧@Ada xue wu li jie ti si lu 、 fang fa yu ji qiao@f王建邦主编 |
| 205 | @a3版 | |
| 210 | @a北京@c机械工业出版社@d2017.01@h2020.01 | |
| 215 | @a195页@d23cm | |
| 300 | @a“十二五”普通高等教育本科国家级规划教材 | |
| 300 | @a教育部世行贷款教改项目成果 | |
| 330 | @a本书分为三十章,内容涉及质点力学、连续体力学、真空中的静电场、变化的电磁场、引力场简介、标量场、机械振动、机械波、光的干涉、光的偏振、激光原理等。 | |
| 606 | 0 | @a物理学@Awu li xue@x高等教育@j题解 |
| 690 | @aO4-44@v5 | |
| 701 | 0 | @a王建邦@Awang jian bang@f(1938~)@4主编 |
| 801 | 0 | @aCN@bBJSZM@c20201106 |
| 905 | @b1190056-9@dO4-44@e1079=3@f4 | |
| 大学物理解题思路、方法与技巧/王建邦主编.-3版.-北京:机械工业出版社,2017.01(2020.01) |
| 195页;23cm |
| “十二五”普通高等教育本科国家级规划教材.-教育部世行贷款教改项目成果 |
| ISBN 978-7-111-55650-3:CNY24.00 |
| 本书分为三十章,内容涉及质点力学、连续体力学、真空中的静电场、变化的电磁场、引力场简介、标量场、机械振动、机械波、光的干涉、光的偏振、激光原理等。 |
| ● |
| 相关链接 |
|
|
|
|
正题名:大学物理解题思路、方法与技巧
索取号:O4-44/1079=3
 
预约/预借
| 序号 | 登录号 | 条形码 | 馆藏地/架位号 | 状态 | 备注 |
| 1 | 1190056 | 211900567 | 第二样本阅览室/ [索取号:O4-44/1079=3] | 在馆 | |
| 2 | 1190057 | 211900576 | 第三借阅区/ [索取号:O4-44/1079=3] | 在馆 | |
| 3 | 1190058 | 211900585 | 第三借阅区/ [索取号:O4-44/1079=3] | 在馆 | |
| 4 | 1190059 | 211900594 | 第三借阅区/ [索取号:O4-44/1079=3] | 在馆 |